01171nam a22002177a 4500003000900000005001700009007000300026008004100029020001700070040002500087082002400112100002800136245009200164300002800256490002500284500005600309504003200365505049800397650001900895700003900914DO-SdBNP20240528134336.0ta211115b2018 a|||e |||| 00| 0dspa d a978994580525 aDO-SdBNPbspacBNPHU 4a340.54 bT683m22210aToribio Ventura, Martha10aManual de derecho romano /cMartha Toribio Ventura ; editor, Lennys Tejada Betancourt  a305 p. : bil.; c27 cm0 aAutoaprendizaje ;v9 aIncluye bibliografía al final de los capítulos  aBibliografía: p. 319-320 aUnidad I. Derecho RomanotUnidad II. Estructura constitucional de Roma.tUnidad III. Evolución histórica del Derecho Romano y sus fuentes.tUnidad IV. Derecho de las personas en Roma.tUnidad V. Derecho de la familia en el Derecho Romano.tUnidad VI. Las cosas y los derechos reales en Roma.tUnidad VII. Las obligaciones y los contratos en Roma.tUnidad VIII. Derecho de las sucesiones en Roma.tUnidad IX. La acción en justicia y el Derecho Procesal Penal. tBibliografía general -- 0aDerecho romano1 aTejada Betancourt, Lennyseeditor